The Big Board: Celebrities Quiz Stats

 Plays Quiz Updated Nov 1, 2018

Support Sporcle.
Go Orange.
Score 0/36 Timer 07:00
2 Plays Today
Hint Answer % Correct
Give the name of each celebrity from their photo as a child.
100%
From each description, identify the famous person with the initials B.M.
99.9%
Identify the stars who have made guest appearances on The Simpsons.
99.9%
Name a show, film, or album that won each star the given award.
99.9%
Give the name of a requested relative in these famous familes.
99.9%
Name each celebrity who is posing for his or her mug shot.
99.9%
Serena Williams
90.2%
Bill Murray
83.2%
Bob Marley
82.3%
Jane, Peter, Amy
80%
Paul McCartney
79.3%
River, Rain, Liberty, Summer
76.8%
Seinfeld, Veep, etc.
76.6%
Lincoln, My Left Foot, etc.
74.4%
Gordon Ramsay
73.6%
Bette Midler
72.5%
Hugh Grant
70%
Jeff, Beau
68.1%
Hint Answer % Correct
Goldie Hawn
68%
Rihanna
66.8%
Natalie Portman
64%
Woody Harrelson
63.7%
Sophie's Choice, The Iron Lady, etc.
60.5%
Family Ties, Spin City, etc.
59.3%
Johnny Cash
58.6%
Bill Gates
58.4%
Brian May
56.6%
Danica Patrick
56.6%
Brittany Murphy
49.9%
Heather Locklear
49%
Eminem
48.7%
George Clooney
43.1%
Emily
40.5%
Betty White
37.9%
1989, Fearless
34.3%
Kurt Cobain
12.7%

You're not logged in!

Compare scores with friends on all Sporcle quizzes.
OR
Log In

From the Vault

100 Greatest Singers

by ConnieCondor

I kept typing William Hung, it didn't take it.
Remove Ads.
Support Sporcle.
Get the best of Sporcle when you Go Orange. This ad-free experience offers more features, more stats, and more fun while also helping to support Sporcle. Thank you for becoming a member.

Show Comments

Extras

Top Quizzes Today


Score Distribution

Your Account Isn't Verified!

In order to create a playlist on Sporcle, you need to verify the email address you used during registration. Go to your Sporcle Settings to finish the process.

Report this User

Report this user for behavior that violates our Community Guidelines.

Details: